Jesenné diaľky

Podrobná bibliografia
Hlavný autor: Blok, Aleksandr Aleksandrovič, 1880-1921 (Autor)
Médium: Článok
Jazyk:slovenčina
Predmet:

MARC

LEADER 00000nab a2200000 a 4500
001 vtls000234909
003 SK-MaSNL
005 20260302212822.0
008 111130c1985 xo 0 slo
015 |a SNBRB19rr/mm-uuuuu 
035 |a CL0245023 
040 |a SNKBUCL  |b slo  |c SNKBUCL  |e AACR2 
041 0 |a slo 
044 |a xo  |c SK 
080 |a 882-1  |2 1981 
100 1 |a Blok, Aleksandr Aleksandrovič,  |d 1880-1921  |4 aut  |9 123171 
245 1 0 |a Jesenné diaľky  |c Alexander Blok ; Aleksandr Aleksandrovič Blok 
500 |a Informácia o autorovi. 
650 0 7 |a básne lyrické  |2 snkbucl  |9 403933 
655 7 |a články z novín a časopisov  |2 snkbucl  |9 267496 
655 7 |a články z odboru literárna veda a krásna literatúra  |2 snkbucl  |9 770045 
700 1 |a Blok, Aleksandr Aleksandrovič,  |d 1880-1921  |4 aut  |9 123171 
773 0 |t Hlas ľudu  |g Roč. 31, č. 281 (28. 11. 1985), s. /6/ 
850 |a Slovenská národná knižnica v Martine  |a MTA001 
852 |a SNK  |b KIS3GCP 
958 |a RK 
958 |a LX 
958 |a SU 
992 |a RBX 
999 |c 1490813  |d 1492743